000 00450nam a2200193Ia 4500
005 20250423100908.0
008 250422s9999 xx 000 0 und d
020 _a9781292023441
050 _aHF 5438.25 .M35/
100 _aManning, Gerald L.
245 0 _aSelling today : creating customer value
250 _a12th ed.
260 _aBoston
260 _bPearson
260 _c2014
300 _a492 p
650 _aSelling.
942 _cBK
999 _c34670
_d34670